banner koha

Influenza A virus circulation in pig nurseries in the state of Santa Catarina, Brazil (Registro n. 299789)

MARC details
000 -LÍDER
fixed length control field 03908nab a2200337 i 4500
003 - CÓDIGO MARC DA AGÊNCIA CATALOGADORA
Campo de controle BR-BrBNA
005 - DATA E HORA DA ÚLTIMA ATUALIZAÇÃO
Campo de controle 20240527131146.0
008 - CAMPO DE TAMANHO FIXO
fixed length control field 240527b2022 bl.ar|pooa||| 00| 0 eng |
040 ## - FONTE DA CATALOGAÇÃO
Agência catalogadora BR-BrBNA
Idioma da catalogação eng
072 ## - CATEGORIA AGRIS
Código AGRIS L73
Código do objeto 5300
072 ## - CATEGORIA AGRIS
Código AGRIS L70
100 ## - ENTRADA PRINCIPAL - NOME PESSOAL
Nome pessoal Ferreira, Maicom Vinícios
100 ## - ENTRADA PRINCIPAL - NOME PESSOAL
Nome pessoal Gava, Danielle
100 ## - ENTRADA PRINCIPAL - NOME PESSOAL
Nome pessoal Schaefe, Rejane
100 ## - ENTRADA PRINCIPAL - NOME PESSOAL
Nome pessoal Pierozan, Ricardo Luis
100 ## - ENTRADA PRINCIPAL - NOME PESSOAL
Nome pessoal Zanella, Janice Reis Ciacci
245 ## - TÍTULO PRINCIPAL
Título principal Influenza A virus circulation in pig nurseries in the state of Santa Catarina, Brazil
500 ## - NOTA GERAL
Nota geral <br/>Publicação on-line; 32 ref.; Summaries (En, Pt)
942 ## - ADDED ENTRY ELEMENTS (KOHA)
Koha item type
520 ## - NOTA DE RESUMO
Nota de conteúdo <br/><br/>Abstract – The objective of this work was to evaluate the infection caused<br/>by influenza A virus (IAV) subtypes and its incidence in pig nurseries in the<br/>state of Santa Catarina, Brazil. A total of 423 nursery pigs were sampled in<br/>11 farms, and IAV circulation, viral RNA, and antibodies were identified.<br/>Reverse transcriptase quantitative polymerase chain reaction (RT-qPCR)<br/>was used to detect viral RNA in nasal swab samples (70.2%) and to subtype<br/>33 viruses, of which 18 (54.5%) from six nurseries were the H3N2 virus, 6<br/>(18.1%) from two nurseries were H1N1pdm, and 9 (27.2%) from three nurseries<br/>could not be subtyped. The enzyme-linked immunosorbent assay (ELISA)<br/>detected the presence of IAV antibodies (68%), which was confirmed by the<br/>hemagglutination inhibition test, revealing a higher prevalence of antibodies<br/>for the H3N2 virus (38.0%), followed by H1N1pdm (23.8%) and H1N2 (3.23%).<br/>The obtained data showed that 10.3% of the swine reacted to at least two<br/>viral antigens. There is a high prevalence of influenza A virus infection in<br/>all 11 piglets nurseries sampled by viral RNA and antibody detection. H3N2<br/>and H1N1pdm, in this order, are the most detected viral subtypes in the 11<br/>sampled nurseries.<br/><br/><br/>Index terms: Sus scrofa domesticus, respiratory diseases, viral diseases,<br/>zoonosis.
520 ## - NOTA DE RESUMO
Nota de conteúdo <br/><br/>Resumo – O objetivo deste trabalho foi avaliar a infecção por subtipos do<br/>vírus influenza A (IAV) e a sua incidência em creches de suínos, no estado<br/>de Santa Catarina, Brasil. Foram amostrados 423 leitões de creche em 11<br/>granjas, e foram identificados circulação de IAV, RNA viral e anticorpos.<br/>A transcriptase reversa seguida de quantificação por reação em cadeia da<br/>polimerase (RT-qPCR) foi utilizada para detectar o RNA viral em amostras<br/>de swab nasal (70,2%) e para subtipar 33 vírus, dos quais 18 (54,5%) de seis<br/>creches eram o vírus H3N2, 6 (18,1%) de duas creches eram o H1N1pdm<br/>e 9 (27,2%) de três creches não puderam ser subtipificados. O ensaio de<br/>imunoabsorção enzimática (ELISA) detectou a presença de anticorpos IAV<br/>(68%), a qual foi confirmada pelo teste de inibição da hemaglutinação, tendo<br/>revelado maior prevalência de anticorpos para o vírus H3N2 (38,0%), seguido<br/>por H1N1pdm (23,8%) e H1N2 (3,23%). Os dados obtidos mostraram que 10,3%<br/>dos suínos reagiram a pelo menos dois antígenos virais. Há alta prevalência de<br/>infecção pelo vírus influenza A em todas as 11 creches de leitões amostradas<br/>por RNA viral e detecção de anticorpos. H3N2 e H1N1pdm, nesta ordem, são<br/>os subtipos virais mais detectados nas 11 creches amostradas.<br/><br/><br/>Termos para indexação: Sus scrofa domesticus, doenças respiratórias,<br/>doenças virais, zoonose.
650 ## - ASSUNTO - THESAGRO
Cabeçalho tópico ou nome geográfico SUÍNO
650 ## - ASSUNTO - THESAGRO
Cabeçalho tópico ou nome geográfico GRANJA
650 ## - ASSUNTO - THESAGRO
Cabeçalho tópico ou nome geográfico ZOONOSE
650 ## - ASSUNTO - THESAGRO
Cabeçalho tópico ou nome geográfico DOENÇA RESPIRATÓRIA
650 ## - ASSUNTO - THESAGRO
Cabeçalho tópico ou nome geográfico VÍRUS
650 ## - ASSUNTO - THESAGRO
Cabeçalho tópico ou nome geográfico INSPEÇÃO SANITÁRIA
773 0# - ENTRADA ANALÍTICA
Host Biblionumber 920
Registro do item 25802
Imprenta Brasília-DF Empresa Brasileira de Pesquisa Agropecuária - EMBRAPA 1966-
Outro identificador 2023-436358
Título Pesquisa Agropecuária Brasileira (Brazil)
ISSN 0100-204X
Colação v. 57 p. 1-7; (2022)
Número de controle de registro BR2024001238
856 ## - ACESSO E ENDEREÇO ELETRÔNICO
Identificador uniforme de recurso - URI https://www.scielo.br/j/pab/a/HpP9K3J85pGNfxsQX5nKqWt/?format=pdf&lang=en

Nenhum exemplar disponível.

BINAGRI

Telefone: (61)3218-2567/2388/3357/2097 - binagri@agro.gov.br

Ministério da Agricultura e Pecuária , Esplanada dos Ministérios, Bloco D, Anexo B, Brasília/DF, CEP: 70.043-900